Clases sociales y movimientos sociales en América Latina : Perspectivas y realidades /

El análisis de las clases sociales y movimientos sociales necesita un anclaje histórico, los rasgos más relevantes quizá sean la revolución mexicana, Vargas en Brasil, haya de la Torre en Perú, Perón en Argentina, Allende en Chile. Conviene entonces comenzar este análisis a partir de ese complejo fe...

Full description

Bibliographic Details
Main Author: Calderón, Fernando
Other Authors: Jelin, Elizabeth
Format: Analitica de revista
Language:Spanish
Published: Santiago, Chile SUR 1990 reeim
Subjects:

MARC

LEADER 00000cab a2200000 a 4500
001 037593
003 UAHC_CL
005 20171122134011.0
008 140120s1990 cl 000 spa
952 |0 0  |1 0  |4 0  |6 PROPOSICIONES_14_90_000000000000000  |7 0  |8 COMP  |9 71609  |a BC  |b BC  |c COMP  |d 2017-08-03  |l 0  |o PROPOSICIONES-14/90  |r 2017-08-03 00:00:00  |t 1  |w 2017-08-03  |y REVA 
999 |c 37593  |d 37593 
040 |a UAHC_CL  |c UAHC_CL  |d UAHC_CL 
100 1 |a Calderón, Fernando 
245 1 0 |a Clases sociales y movimientos sociales en América Latina :  |b Perspectivas y realidades /  |c Fernando Calderón y Elizabeth Jelin. 
260 |b SUR  |c 1990 reeim  |a Santiago, Chile 
300 |a pp. 171-187 
310 |a Anual. 
362 0 |a Año 1, no. 1 (nov. 2002)- . 
362 0 |a Año 1, no. 1 (nov. 2002)- . 
500 |a En: Proposiciones. no. 14, 1990. pp. 171-187. ISSN. 956208051X. 
520 |a El análisis de las clases sociales y movimientos sociales necesita un anclaje histórico, los rasgos más relevantes quizá sean la revolución mexicana, Vargas en Brasil, haya de la Torre en Perú, Perón en Argentina, Allende en Chile. Conviene entonces comenzar este análisis a partir de ese complejo fenómeno que fue el populismo representado por hechos o personajes de ese tipo mencionado, sino para señalar algunas presencias importantes y algunos vacíos. A partir de ese anclaje histórico, seguir hacia el presente. 
650 4 |a MOVIMIENTOS SOCIALES  |z AMERICA LATINA 
651 4 |a AMERICA LATINA  |x POLITICA 
700 1 |a Jelin, Elizabeth 
900 |a PROPOSICIONES-14/90 
942 |c REVA  |2 ddc